The treatment of sex offenders in penal establishments and release programmes

Gespeichert in:  
Bibliographische Detailangaben
1. VerfasserIn: Motiuk, Larry, Ph. D. (Verfasst von)
Medienart: Druck Aufsatz
Sprache:Englisch
Veröffentlicht: 1999
In: Proceedings
Jahr: 1999, Seiten: 121-128
Verfügbarkeit prüfen: HBZ Gateway
Schlagwörter:

MARC

LEADER 00000caa a22000002c 4500
001 1525923528
003 DE-627
005 20220604104949.0
007 tu
008 160223s1999 xx ||||| 00| ||eng c
020 |a 9287140820 
035 |a (DE-627)1525923528 
035 |a (DE-576)455923523 
035 |a (DE-599)BSZ455923523 
040 |a DE-627  |b ger  |c DE-627  |e rakwb 
041 |a eng 
100 1 |a Motiuk, Larry, Ph. D.  |4 aut 
245 1 4 |a The treatment of sex offenders in penal establishments and release programmes  |c Larry, Ph.D Motiuk 
264 1 |c 1999 
336 |a Text  |b txt  |2 rdacontent 
337 |a ohne Hilfsmittel zu benutzen  |b n  |2 rdamedia 
338 |a Band  |b nc  |2 rdacarrier 
773 0 8 |i In  |a Conference of Directors of Prison Administration (12 : 1997 : Straßburg)  |t Proceedings  |d Strasbourg : Council of Europe Publ., 1999  |g (1999), Seite 121-128  |h 166 S.  |w (DE-627)1610776798  |w (DE-576)085199052  |z 9287140820  |7 nnam 
773 1 8 |g year:1999  |g pages:121-128 
935 |a mkri 
951 |a AR 
ELC |b 1 
LOK |0 000 xxxxxcx a22 zn 4500 
LOK |0 001 2899402293 
LOK |0 003 DE-627 
LOK |0 004 1525923528 
LOK |0 005 20260212083700 
LOK |0 008 160208||||||||||||||||ger||||||| 
LOK |0 040   |a DE-21-110  |c DE-627  |d DE-21-110 
LOK |0 689   |a s  |a Sexualstraftäter 
LOK |0 689   |a s  |a Strafanstalten 
LOK |0 852   |a DE-21-110 
LOK |0 852 1  |m p  |9 00 
LOK |0 935   |a k110 
LOK |0 938   |k p 
LOK |0 939   |a 08-02-16  |b l01 
ORI |a WA-MARC-krimdoka001.raw